000 00652nam a2200217 4500
001 136566
003 ES-MaACL
005 20230906195152.0
007 t|
008 070214s1973 sp r ||||1| spa d
100 1 _aRycroft, Charles.
_9101104
245 1 0 _aReich /
_cCharles Rycroft ; traducción de Albert Roies.
250 _a1ª. ed.
260 _aBarcelona :
_bGrijalbo,
_c1973.
300 _a161 p. ;
_c18 cm.
490 1 _aMaestros pensamiento contemporáneo ;
_v8
700 1 _aRoies, Alberto.
_998992
830 0 _aMaestros pensamiento contemporáneo ;
_v8
_9220013
852 _aES-MaACL
_jC-53509
_bR.85317
999 _c136566
_d136566